| Tag |
First Indicator |
Second Indicator |
Subfields |
| LEADER |
00000cam a2200000 4500 |
| 001 |
in00000036040 |
| 005 |
20151007063615.0 |
| 008 |
720713s1916 nyu b 00010beng u |
| 010 |
|
|
|a 16023422
|
| 035 |
|
|
|a (OCoLC)00355764
|
| 035 |
|
|
|9 AAD7794AM
|
| 040 |
|
|
|c WSU
|d TXA
|d UtOrBLW
|
| 049 |
|
|
|a TXAM
|c [6928]
|
| 050 |
|
0 |
|a PQ4335
|b .G65
|
| 092 |
|
|
|a 851
|b D19Wg
|
| 100 |
1 |
|
|a Grandgent, C. H.
|q (Charles Hall),
|d 1862-1939.
|
| 245 |
1 |
0 |
|a Dante /
|c by C. H. Grandgent ...
|
| 264 |
|
1 |
|a New York :
|b Duffield & company,
|c 1916.
|
| 300 |
|
|
|a 6 pages ,, 3-397 pages ;
|c 20 cm.
|
| 336 |
|
|
|a text
|b txt
|2 rdacontent
|
| 337 |
|
|
|a unmediated
|b n
|2 rdamedia
|
| 338 |
|
|
|a volume
|b nc
|2 rdacarrier
|
| 490 |
1 |
|
|a Master spirits of literature
|
| 500 |
|
|
|a Series title also at head of t.-p.
|
| 504 |
|
|
|a Bibliography: pages 377-380.
|
| 600 |
0 |
0 |
|a Dante Alighieri,
|d 1265-1321.
|
| 830 |
|
0 |
|a Master spirits of literature.
|
| 999 |
|
|
|a MARS
|
| 999 |
f |
f |
|s e05cbd5f-5e88-36a9-95fb-98d5eafac487
|i bf127e11-64a6-3cf2-9cd8-1e18fdcfd17a
|t 0
|
| 952 |
f |
f |
|p normal
|a Texas A&M University
|b College Station
|c Sterling C. Evans Library
|d Evans: Library Stacks
|t 0
|e PQ4335 .G65
|h Library of Congress classification
|i unmediated -- volume
|m A14801376003
|
| 998 |
f |
f |
|a PQ4335 .G65
|t 0
|l Evans: Library Stacks
|